لغة الأدارة العامة في مصر / (Record no. 14496)
[ view plain ]
| 000 -الفاتح | |
|---|---|
| حقل البيانات ثابتة الطول | 00929nam a22001697a 4500 |
| 008 - عناصر البيانات ثابتة الطول - معلومات عامة | |
| حقل البيانات ثابتة الطول | 100718s1963 xxu||||| |||| 00| 0 ara d |
| 082 ## - رقم تصنيف ديوى العشرى | |
| رقم الطبعة | 22 |
| رقم التصنيف | 350.962 |
| رقم المادة | هـ ر ا |
| 100 1# - المدخل الرئيسى - إسم شخصى | |
| 9 (RLIN) | 16351 |
| الإسم الشخصى | الهراوى ، عبد السميع سالم |
| 245 ## - بيان العنوان | |
| العنوان | لغة الأدارة العامة في مصر / |
| بقية العنوان | في القرن التاسع عشر : |
| بيان المسئوليه,etc | عبد السميع سالم الهراوى |
| 260 ## - PUBLICATION, DISTRIBUTION, ETC. (IMPRINT) | |
| مكان الناشر او الموزع | القاهرة : |
| اسم الناشر او الموزع | المجلس الأعلى لرعاية الفنون والآداب والعلوم الاجتماعية ، |
| تاريخ النشر أو التوزيع | 1963. |
| 300 ## - الوصف المادى | |
| التعداد | 531 ص ؛ |
| أبعاد الوعاء | 24 سم. |
| 504 ## - تبصرة ببليوجرافية | |
| تبصرة ببليوجرافية,الخ | يشتمل على ببليوجرافية ص 523-531 |
| 541 ## - تبصرة المصدر المباشر للتزويد | |
| مصدر التزويد | ألف باء ؛ |
| طريقة التزويد | شراء ؛ |
| 650 ## - المدخل الاضافى بالموضوع-مصطلح موضوعى | |
| 9 (RLIN) | 16373 |
| مصطلح موضوعي أو اسم جغرافي كعنصر مدخل | مصر |
| التقسيم الفرعي العام | الادارة العامة |
| 942 ## - عناصر المدخل الإضافي( كوها) | |
| مصدر التصنيف او مخطط الترفيف | Dewey Decimal Classification |
| Koha [default] item type | Book - Borrowing |
| حالة التراجع | حالة الفقد | مصدر التصنيف او خطة الترفيف | حالة تلف | ليس للاعارة | مجموعات كوها | المكان الدائم | المكان الحالي | موقع الترفيف | تاريخ الاكتساب | Source of acquisition | رقم الاستدعاء | الباركود | Date last seen | نوع الوعاء |
|---|---|---|---|---|---|---|---|---|---|---|---|---|---|---|
| Dewey Decimal Classification | Alef-Baa | Central Library | Central Library | First floor | 18/07/2010 | 350.962 ه ر ا | 000021551 | 15/07/2025 | Book - Borrowing |